Spracovanie a zužitkovanie druhotných produktov živočíšnej výroby

Gespeichert in:
Bibliographische Detailangaben
1. Verfasser: Podstavek, Bohumil
Format: Buch
Sprache:Slowakisch
Veröffentlicht: Bratislava Príroda 1983
Schriftenreihe:Mechanizácia poľnohospodárstva a výstavby
Tags: Tag hinzufügen
Keine Tags, Fügen Sie das erste Tag hinzu!

MARC

LEADER 00000nam a2200000 4500
001 c133319
005 20041019155257.8
041 0 |a slo 
044 |a SK 
245 1 0 |a Spracovanie a zužitkovanie druhotných produktov živočíšnej výroby  |c Bohumil Podstavek 
264 1 |a Bratislava  |b Príroda  |c 1983 
300 |a 163 s. 
490 1 |a Mechanizácia poľnohospodárstva a výstavby 
830 0 |a Mechanizácia poľnohospodárstva a výstavby 
100 1 |a Podstavek, Bohumil